Big 4 Sports Champs of 2000s Quiz Stats

 Plays Quiz not verified by Sporcle

Score 0/42 Timer 05:00
0 Plays Today
Years Team % Correct
2000Yankees
99.1%
2009Yankees
99.1%
2010Giants
99.1%
2008Giants
99.1%
2000Lakers
98.8%
2001Lakers
98.8%
2002Lakers
98.8%
2009Lakers
98.8%
2010Lakers
98.8%
2004Red Sox
98.3%
2007Red Sox
98.3%
2002Patriots
98.2%
2004Patriots
98.2%
2005Patriots
98.2%
2006Steelers
97.5%
2009Steelers
97.5%
2008Celtics
96.3%
2001-02Red Wings
95.2%
2007-08Red Wings
95.2%
2007Colts
94.4%
2010Saints
94.3%
Years Team % Correct
2006Cardinals
94.1%
2005White Sox
94%
2003Spurs
94%
2005Spurs
94%
2007Spurs
94%
2008Phillies
93.1%
2006Heat
92.6%
2008-09Penguins
91.8%
2001Diamondbacks
91.4%
2003Marlins
91.3%
2000Rams
89.4%
2004Pistons
88.7%
2001Ravens
88.5%
2009-10Blackhawks
87.1%
2002Angels
86.8%
2003Bucaneers
79.1%
2006-07Ducks
78.1%
2000-01Avalanche
77.6%
2003-04Lightning
76.8%
2002-03Devils
75.1%
2005-06Hurricanes
75%

You're not logged in!

Compare scores with friends on all Sporcle quizzes.
OR
Log In

Show Comments

Extras

Top Quizzes Today


Score Distribution

Your Account Isn't Verified!

In order to create a playlist on Sporcle, you need to verify the email address you used during registration. Go to your Sporcle Settings to finish the process.

Report this User

Report this user for behavior that violates our Community Guidelines.

Details: